Planeamiento estratégico para el Aseguramiento de la Calidad en la Dirección Nacional de Desarrollo Social y Asignaciones Familiares. Componente 4 : Sistemas de información e indicadores de gestión

Gespeichert in:
Bibliographische Detailangaben
1. Verfasser: Coronado Jurado, Oscar, 1956-2009 Director del TFG
Weitere Verfasser: Fonseca Macrini, Fabricio
Format: Buch
Veröffentlicht: [San José, Costa Rica] : Universidad de Costa Rica, Escuela de Ingeniería Industrial. Fundación de la Universidad de Costa Rica para la Investigación 1998
Tags: Tag hinzufügen
Keine Tags, Fügen Sie den ersten Tag hinzu!

MARC

LEADER 00000nam a2200000Ia 4500
003 PI0040
005 20240422101906.0
008 140116s1998 cr a 000 ||s d
040 |c cru CEDI 
090 |a PI-40 
100 |a Coronado Jurado, Oscar, 1956-2009  |d Director del TFG   |9 1728 
245 |a Planeamiento estratégico para el Aseguramiento de la Calidad en la Dirección Nacional de Desarrollo Social y Asignaciones Familiares. Componente 4 : Sistemas de información e indicadores de gestión 
260 |a [San José, Costa Rica] : Universidad de Costa Rica, Escuela de Ingeniería Industrial. Fundación de la Universidad de Costa Rica para la Investigación  |c 1998 
500 |a Informe parcial de investigación  
700 |9 11321  |a Fonseca Macrini, Fabricio 
942 |c PI  |h PI-40  |i PI0040  |6 PI_40_PI0040 
999 |c 13325  |d 13325